| 000 | 00561nam a2200229 a 4500 | ||
|---|---|---|---|
| 999 |
_c7963 _d7963 |
||
| 001 | 7963 | ||
| 003 | BD-JhCC | ||
| 005 | 20180217085609.0 | ||
| 008 | 180217s2010 bg |||| || | 000 0 eng d | ||
| 035 | _a(BD-JhCC)7963 | ||
| 040 |
_aBD-JhCC _dBD-JhCC |
||
| 041 | _aeng | ||
| 082 |
_a323.0954 _bROY 2010 |
||
| 100 | _aRoy, A K | ||
| 245 |
_aThe Right Application of Society / _cA K Roy, |
||
| 260 |
_aDhaka : _bMowla Brothers, _c2010 |
||
| 300 |
_a256 p. : _c24 cm. |
||
| 650 | _aHuman Rights | ||
| 650 | _aBangladesh | ||
| 942 |
_2ddc _cBK |
||